Religijność i sposoby jej wyrażania w "Pamiętniku" Jana Poczobuta Odlanickiego
| Titel: | Religijność i sposoby jej wyrażania w "Pamiętniku" Jana Poczobuta Odlanickiego |
|---|---|
| Verfasser: | |
| In: |
Litteraria, Band 37 (2009), Seite 19-34, sum alle Artikel anzeigen |
| Veröffentlicht: | 2009 |
| Format: | Aufsatz |
| Sprache: | Polnisch |
X
alg: 39417832 001A $01999:12-11-16 001B $01999:29-05-21 $t17:46:07.000 001C $06050:19-11-16 $t08:56:44.000 001D $01999:12-11-16 001U $0utf8 001X $00 002@ $0Aox 003@ $0394178327 007A $0394178327 $aHEB 007T $0Herdkk00020089 010@ $apol 011@ $a2009 021A $aReligijność i sposoby jej wyrażania w "Pamiętniku" Jana Poczobuta Odlanickiego 028A $aŚlęczka $dTomasz 031A $d37 $h19-34, sum $j2009 037A $aZ lat 1640-1684039B $aIn $8--Abvc--. Litteraria. - Wrocław : Wydawn. WTN, 1969-. - ISSN 0084-3008 $x200900000370000981 $9047344253 045F $a929.094793 $eDDC23BSB 045F/01 $a929 045F/03 $g4793 045F/03 $g438 045T $aAVL $qDE-30 $2FID 045T $a7,39 $a7,12 lok: 39417832 78 exp: 39417832 78 1 #EPN 201B/01 $018-11-16 $t10:50:45.000 201U/01 $0utf8 203@/01 $0790288834 208@/01 $a12-11-16 $be 209A/01 $a/ $f000 $x00 220C/01 $aTitelaufnehmer: pbb 220C/01 $aHerkunft: PBB/IH PAN 220C/01 $aAnmerkung: *uA 244Z/01 $2Trx $#Poola $#Lenkija $#Polija $#Polen Land $#Poland $#Lengyelország $#Poľsko $#Polsko $8--Trx--Polska$gkraj $x01 $9391345966 244Z/01 $2Trx $#Litauen $#Lithuania $#Litwa $#Litva $#Litva $8--Trx--Lietuva $x02 $9391193457 244Z/01 $aGeschichte 1640-1703 $x03 244Z/01 $2Trx $#Odlanicki-Poczobut, Jan Władysław $8--Trx--Poczobut, Jan Władysław$Z1640-1703 $x04 $9390553999 244Z/01 $2Trx $#religioossus $#religingumas $#piety $#vallásosság $#religijność $#religiozita $#religiozita $8--Trx--Religiosität $x05 $9391374788 244Z/01 $2Trx $#päevaraamatud $#dienoraščiai $#Diaries $#naplók $#dzienniki diariusze $#denníky $#deníky $#journals $#pamiętniki $8--Trx--Tagebücher $x06 $939136670X 244Z/01 $2Trx $8--Trx--Zeitschriftenaufsatz $x07 $9391384341 245Z/01 $a12.03 $x01 247C/01 $82080>Marburg/Lahn, Herder-Institut, Forschungsbibliothek, Bibliographieportal $9336309341
| LEADER | 00000caa a22000002c 4500 | ||
|---|---|---|---|
| 001 | 394178327 | ||
| 003 | DE-603 | ||
| 005 | 20210529174607.0 | ||
| 007 | tu | ||
| 008 | 161112s2009 xx |||| | u00||u|pol c | ||
| 035 | |a (DE-599)HEB394178327 | ||
| 040 | |a DE-603 |b ger |c DE-603 |d DE-603 | ||
| 041 | |a pol | ||
| 082 | 0 | 4 | |8 1\u |a 929.094793 |q DE-101 |2 23/BSB |
| 084 | |a AVL |q DE-30 |2 fid | ||
| 084 | |a 7,39 |a 7,12 |2 ssgn | ||
| 085 | |8 1\u |b 929 | ||
| 085 | |8 1\u |z 2 |s 4793 | ||
| 085 | |8 1\u |z 2 |s 438 | ||
| 100 | 1 | |a Ślęczka, Tomasz | |
| 245 | 0 | 0 | |a Religijność i sposoby jej wyrażania w "Pamiętniku" Jana Poczobuta Odlanickiego |
| 264 | 0 | |c 2009 | |
| 500 | |a Z lat 1640-1684 <pol> | ||
| 773 | 0 | 8 | |i In |t Litteraria |d Wrocław : Wydawn. WTN, 1969- |x 0084-3008 |g Band 37 (2009), Seite 19-34, sum |w (DE-603)047344253 |w (DE-600)216021-3 |
| 924 | 0 | |9 2080 |a (DE-603)790288834 |b DE-2080 |c HES |d d |g / | |


